| 000 | 00910cab a22002535a 4500 | ||
|---|---|---|---|
| 001 | L157348 | ||
| 008 | 121030e2012 xxk 000 0 eng d | ||
| 035 | _a(Sirsi) u157348 | ||
| 041 | 0 | _aeng | |
| 100 | 1 | _aHamilton, Helen | |
| 245 | 0 | 0 |
_aFocus _bHampshire and Dorset |
| 260 | _c2012 | ||
| 490 |
_aEstates Gazette _v(1243) 27 October 2012, 87-105(15) |
||
| 520 | _aReview of Bournemouth Council's regeneration project a year after it signed up to a 20 year partnership with Morgan Sindall to develop key town centre sites. Also features proposals from Southampton and Portsmouth for the future of their cities and examines Southampton's retail and office market. | ||
| 590 | _aKA | ||
| 651 | 4 | _aHampshire | |
| 651 | 4 | _aDorset | |
| 690 |
_aCommercial property _96227 |
||
| 700 | 1 | _aBourke, Joanna | |
| 700 | 1 | _aMeadwell, Stacey | |
| 700 | 1 | _aThame, David | |
| 700 | 1 | _aSimmons, Mark | |
| 942 | _n0 | ||
| 999 |
_c84342 _d84342 |
||